[Event "Florianopolis op 11th"]
[Site "Florianopolis"]
[Date "2025.01.21"]
[Round "5"]
[White "Coutinho, Laiane Mascarello"]
[Black "Born, Ary"]
[Result "1/2-1/2"]
[WhiteElo "1760"]
[BlackElo "1522"]
[PlyCount "62"]
[EventDate "2025.01.18"]
[EventType "swiss"]
[EventRounds "10"]
[EventCountry "BRA"]
[SourceTitle "CB05_2025"]
[SourceDate "2025.01.29"]
[SourceVersion "1"]
[SourceVersionDate "2025.01.29"]
[SourceQuality "1"]

1. e4 e6 2. d3 d5 3. Nd2 Nf6 4. e5 Nfd7 5. Ngf3 c5 6. g3 Nc6 7. Qe2 Be7 8. c3 Qc7 9. d4 0-0 10. Bg2 a6 11. 0-0 Re8 12. Re1 Nf8 13. Nf1 h6 14. h4 Nh7 15. N1h2 Bd7 16. h5 Nd8 17. a4 b5 18. Ng4 bxa4 19. Be3 Bb5 20. Qd2 f5 21. exf6 Bxf6 22. Nxf6+ Nxf6 23. Bf4 Qd7 24. Ne5 Qb7 25. Qd1 Ra7 26. dxc5 Bc6 27. Nxc6 Nxc6 28. Rb1 Qb3 29. Bd6 Rd7 30. Bh3 Qxd1 31. Rbxd1 Kf7 1/2-1/2

[Event "Florianopolis op 11th"]
[Site "Florianopolis"]
[Date "2025.01.18"]
[Round "1"]
[White "Coutinho, Laiane Mascarello"]
[Black "De Miranda, Eduardo Rodrigues C"]
[Result "0-1"]
[WhiteElo "1760"]
[BlackElo "1859"]
[PlyCount "95"]
[EventDate "2025.01.18"]
[EventType "swiss"]
[EventRounds "10"]
[EventCountry "BRA"]
[SourceTitle "CB05_2025"]
[SourceDate "2025.01.29"]
[SourceVersion "1"]
[SourceVersionDate "2025.01.29"]
[SourceQuality "1"]

1. e4 c5 2. Nf3 e6 3. d4 cxd4 4. Nxd4 Nc6 5. Be3 Nf6 6. Nc3 Bb4 7. f3 d5 8. a3 Bxc3+ 9. bxc3 dxe4 10. Nxc6 Qxd1+ 11. Rxd1 bxc6 12. Be2 0-0 13. 0-0 a5 14. Bc5 Re8 15. c4 Ba6 16. Rd6 Red8 17. Rb1 exf3 18. gxf3 Nd5 19. Bd3 Nf4 20. Bf1 g5 21. Rbd1 Rdb8 22. Bd4 c5 23. Bf6 h6 24. h3 Bb7 25. Kf2 Rf8 26. Bd3 Nxh3+ 27. Ke3 Nf4 28. Rh1 h5 29. Rg1 Nxd3 30. Rxg5+ Kh7 31. Rg7+ Kh6 32. Rxd3 Rg8 33. Rxf7 Bc6 34. Rd6 Kg6 35. Re7 Bxf3 36. Rexe6 Bg4 37. Re5 Rge8 38. Kf4 Rf8 39. Rg5+ Kh6 40. Ke5 Rae8+ 41. Be7+ Kh7 42. Rdg6 Rxe7+ 43. Kd6 Rd7+ 44. Kxc5 Rf5+ 45. Rxf5 Bxf5 46. Rg5 Bg4 47. Kc6 Re7 48. Kc5 0-1